Man, the unknown (Record no. 193)

MARC details
000 -LEADER
fixed length control field 00373nam a2200145Ia 4500
008 - FIXED-LENGTH DATA ELEMENTS--GENERAL INFORMATION
fixed length control field 190215s9999||||xx |||||||||||||| ||und||
020 ## - INTERNATIONAL STANDARD BOOK NUMBER
International Standard Book Number 9788187288374
082 ## - DEWEY DECIMAL CLASSIFICATION NUMBER
Classification number 572
Item number Car
100 ## - MAIN ENTRY--PERSONAL NAME
Personal name Carrel, Alexis
9 (RLIN) 1781
245 #0 - TITLE STATEMENT
Title Man, the unknown
260 ## - PUBLICATION, DISTRIBUTION, ETC.
Place of publication, distribution, etc. Mumbai
Name of publisher, distributor, etc. Wilco International
Date of publication, distribution, etc. 2016
300 ## - PHYSICAL DESCRIPTION
Extent 3296p.
650 ## - SUBJECT ADDED ENTRY--TOPICAL TERM
Topical term or geographic name entry element Human beings--Constitution
9 (RLIN) 1782
942 ## - ADDED ENTRY ELEMENTS (KOHA)
Koha item type Books
Koha issues (borrowed), all copies 1
Holdings
Withdrawn status Lost status Damaged status Not for loan Collection code Home library Current library Date acquired Source of acquisition Cost, normal purchase price Total Checkouts Full call number Barcode Date last seen Date last checked out Copy number Price effective from Koha item type
        Non-fiction IIT Goa Central Library IIT Goa Central Library 2022-02-07 Amazon.in 145.00 4 572/Car 371 2022-12-08 2022-11-10 1 2019-02-15 Books